Sách trắng công nghệ thông tin và truyền thông Việt Nam 2019 : Thông tin và số liệu thống kê
Sách Trắng 2019 nhằm đáp ứng yêu cầu mới về thông tin, phục vụ việc xây dựng các chiến lược, chương trình, đề án liên quan đến cuộc cách mạng công nghiệp lần thứ tư, công cuộc chuyển đổi số quốc gia, phát triển ngành công nghiệp CNT...
Gorde:
| Erakunde egilea: | |
|---|---|
| Formatua: | Liburua |
| Hizkuntza: | Vietnamese |
| Argitaratua: |
H.
Thông tin và Truyền thông
2019
|
| Gaiak: | |
| Etiketak: |
Etiketa erantsi
Etiketarik gabe, Izan zaitez lehena erregistro honi etiketa jartzen!
|
| Thư viện lưu trữ: | Thư viện Trường Đại học Nam Cần Thơ |
|---|
| LEADER | 01425nam a22001937a 4500 | ||
|---|---|---|---|
| 001 | NCT_143779 | ||
| 008 | 200328b xxu||||| |||| 00| 0 vie d | ||
| 999 | |c 7403 |d 7403 | ||
| 020 | |a 9786048043353 |c 165000 | ||
| 082 | 0 | 4 | |2 23rd ed. |a 004.6 |b S102T |
| 110 | 1 | |a Bộ Thông tin và Truyền thông | |
| 245 | 1 | 0 | |a Sách trắng công nghệ thông tin và truyền thông Việt Nam 2019 : |b Thông tin và số liệu thống kê |c Bộ Thông tin và Truyền thông |
| 260 | |a H. |b Thông tin và Truyền thông |c 2019 | ||
| 300 | |a 85 tr. |b Minh họa |c 24cm | ||
| 520 | 3 | |a Sách Trắng 2019 nhằm đáp ứng yêu cầu mới về thông tin, phục vụ việc xây dựng các chiến lược, chương trình, đề án liên quan đến cuộc cách mạng công nghiệp lần thứ tư, công cuộc chuyển đổi số quốc gia, phát triển ngành công nghiệp CNTT - điện tử, viễn thông, chính phủ điện tử, cũng như yêu cầu của các nhà quản lý, doanh nghiệp và người dân. | |
| 653 | |a Công nghệ thông tin | ||
| 942 | |2 ddc |c BK | ||
| 952 | |0 0 |1 0 |2 ddc |4 0 |6 004_600000000000000_S102T |7 0 |9 26599 |a 000001 |b 000001 |d 2023-01-06 |o 004.6 S102T |p MD.21023 |r 2023-01-06 |v 165000.00 |w 2023-01-06 |y BK | ||
| 980 | |a Thư viện Trường Đại học Nam Cần Thơ | ||


